Διηγήματα (επιλογή)
Αποθηκεύτηκε σε:
| Κύριος συγγραφέας: | |
|---|---|
| Μορφή: | Βιβλίο |
| Γλώσσα: | Greek |
| Δημοσίευση: |
Αθήνα :
Ίδρυμα Κώστα και Ελένης Ουράνη,
1988.
|
| Σειρά: | Νεοελληνική βιβλιοθήκη (Ίδρυμα Ουράνη)
|
| Θέματα: | |
| Ετικέτες: |
Προσθήκη ετικέτας
Δεν υπάρχουν, Καταχωρήστε ετικέτα πρώτοι!
|
MARC
| LEADER | 00000cam a2200000 i 4500 | ||
|---|---|---|---|
| 001 | 1/32977 | ||
| 008 | 060801s1988 gr | ||| |||| ||gre|| | ||
| 035 | |l 10084822 | ||
| 040 | |a GR-MzUa |b gre |e AACR2 | ||
| 041 | 0 | |a gre | |
| 082 | 7 | |a 889.3 |2 (22) | |
| 100 | 1 | |a Παπαδιαμάντης, Αλέξανδρος, |d 1851-1911. | |
| 245 | 1 | 0 | |a Διηγήματα (επιλογή) / |c Αλέξανδρου Παπαδιαμάντη. |
| 260 | |a Αθήνα : |b Ίδρυμα Κώστα και Ελένης Ουράνη, |c 1988. | ||
| 300 | |a 372 σ. ; |c 22 εκ. | ||
| 490 | 1 | |a (Νεοελληνική βιβλιοθήκη / Ίδρυμα Ουράνη) | |
| 504 | |a Βιβλιογραφία: σ. [33]-34. | ||
| 650 | 0 | |a Short stories, Greek (Modern) | |
| 830 | 0 | |a Νεοελληνική βιβλιοθήκη (Ίδρυμα Ουράνη) | |
| 852 | |a INST |b SYROS |e 20060801 |h 889.3 ΠΑΠ |p 005500004744 |q 005500004744 |t BK |y 0 | ||
| 901 | |a BIBL5-2006-2 | ||
| 970 | |a Κοντού |b Παρασκευή |z 01/08/2006 | ||